Welcome to Galar! / (Record no. 372060)
[ view plain ]
| 000 -LEADER | |
|---|---|
| fixed length control field | 01499cam a2200373Ii 4500 |
| 001 - CONTROL NUMBER | |
| control field | 1202609695 |
| 003 - CONTROL NUMBER IDENTIFIER | |
| control field | OCoLC |
| 005 - DATE AND TIME OF LATEST TRANSACTION | |
| control field | 20220405141757.0 |
| 008 - FIXED-LENGTH DATA ELEMENTS--GENERAL INFORMATION | |
| fixed length control field | 201102s2020 nyua b 000 1 eng d |
| 020 ## - INTERNATIONAL STANDARD BOOK NUMBER | |
| International Standard Book Number | 9781338593075 |
| Qualifying information | pbk. |
| 020 ## - INTERNATIONAL STANDARD BOOK NUMBER | |
| International Standard Book Number | 1338593072 |
| Qualifying information | pbk. |
| 035 ## - SYSTEM CONTROL NUMBER | |
| System control number | (OCoLC)1202609695 |
| 040 ## - CATALOGING SOURCE | |
| Original cataloging agency | NjBwBT |
| Language of cataloging | eng |
| Description conventions | rda |
| Transcribing agency | FMG |
| Modifying agency | FMG |
| -- | OCLCQ |
| -- | OCLCO |
| -- | HBP |
| -- | SO$ |
| 050 14 - LIBRARY OF CONGRESS CALL NUMBER | |
| Classification number | PZ7.1.S48348 |
| Item number | Wel 2020 |
| 082 04 - DEWEY DECIMAL CLASSIFICATION NUMBER | |
| Classification number | [E] |
| Edition number | 23 |
| 092 ## - LOCALLY ASSIGNED DEWEY CALL NUMBER (OCLC) | |
| Filing suffix | E |
| Classification number | SHAPIRO |
| 100 1# - MAIN ENTRY--PERSONAL NAME | |
| Personal name | Shapiro, R. |
| Fuller form of name | (Rebecca), |
| Relator term | author. |
| 9 (RLIN) | 6444821 |
| 245 10 - TITLE STATEMENT | |
| Title | Welcome to Galar! / |
| Statement of responsibility, etc | adapted by R. Shapiro. |
| 246 1# - VARYING FORM OF TITLE | |
| Display text | At head of title: |
| Title proper/short title | Pokémon journeys the series. |
| 264 #1 - Production, Publication, Distribution, Manufacture, and Copyright Notice. | |
| Place of production, publication, distribution, manufacture | New York, NY : |
| Name of producer, publisher, distributor, manufacturer | Scholastic Inc., |
| Date of production, publication, distribution, manufacture, or copyr | [2020] |
| 300 ## - PHYSICAL DESCRIPTION | |
| Extent | 32 pages : |
| Other physical details | color illustrations ; |
| Dimensions | 23 cm. |
| 336 ## - Content Type | |
| Content type term | text |
| 336 ## - Content Type | |
| Content type term | still image |
| 337 ## - Media type | |
| Media type term | unmediated |
| 338 ## - Carrier type | |
| Carrier type term | volume |
| 490 1# - SERIES STATEMENT | |
| Series statement | Scholastic level 2 reader. |
| 520 ## - SUMMARY, ETC. | |
| Summary, etc | A leveled reader starring the Galar Pokémon from Sword & Shield invites young fans to join Ash and Pikachu on an adventure in a new region where they meet fellow Pokémon friends, including Galar First Partners Grookey, Scorbunny and Sobble. |
| 650 #0 - SUBJECT ADDED ENTRY--TOPICAL TERM | |
| Topical term or geographic name as entry element | Pokémon (Fictitious characters) |
| Form subdivision | Juvenile fiction. |
| 9 (RLIN) | 5754725 |
| 655 #7 - INDEX TERM--GENRE/FORM | |
| Genre/form data or focus term | Action and adventure fiction. |
| Source of term | lcgft. |
| 655 #7 - INDEX TERM--GENRE/FORM | |
| Genre/form data or focus term | Readers (Publications) |
| Source of term | lcgft. |
| 9 (RLIN) | 5726093 |
| 830 #0 - SERIES ADDED ENTRY--UNIFORM TITLE | |
| Uniform title | Scholastic reader. |
| Number of part/section of a work | Level 2. |
| 9 (RLIN) | 50354 |
| 907 ## - LOCAL DATA ELEMENT G, LDG (RLIN) | |
| a | .b451010930 |
| 942 ## - ADDED ENTRY ELEMENTS (KOHA) | |
| Source of classification or shelving scheme | Dewey Decimal Classification |
| Koha item type | BOOK |
| Withdrawn status | Lost status | Source of classification or shelving scheme | Damaged status | Not for loan | Collection code | Home library | Current library | Shelving location | Date acquired | Source of acquisition | Total Checkouts | Total Renewals | Full call number | Barcode | Checked out | Date last seen | Date checked out | Cost, replacement price | Price effective from | Koha item type |
|---|---|---|---|---|---|---|---|---|---|---|---|---|---|---|---|---|---|---|---|---|
| Long Overdue (Lost) | Dewey Decimal Classification | Children Leveled | Wasatch County Library | Wasatch County Library | Main Floor Childrens Area | 04/05/2022 | Micromarketing | 6 | 6 | E Pokémon | 34301001826264 | 12/14/2022 | 10/17/2022 | 10/17/2022 | 14.99 | 04/05/2022 | BOOK |
